Say hola to Spanish / (Record no. 3156)

MARC details
000 -LEADER
fixed length control field 00981cam a2200277 a 4500
005 - DATE AND TIME OF LATEST TRANSACTION
control field 20240214160234.0
020 ## - INTERNATIONAL STANDARD BOOK NUMBER
International Standard Book Number 0590273396
040 ## - CATALOGING SOURCE
Original cataloging agency DLC
Transcribing agency DLC
Modifying agency DLC
Language of cataloging eng
050 00 - LIBRARY OF CONGRESS CALL NUMBER
Classification number PC4445.E49
Item number 1996
082 00 - DEWEY DECIMAL CLASSIFICATION NUMBER
Classification number 468.1
100 1# - MAIN ENTRY--PERSONAL NAME
Personal name Elya, Susan Middleton
Dates associated with a name 1955-
245 10 - TITLE STATEMENT
Title Say hola to Spanish /
Statement of responsibility, etc. by Susan Middleton Elya ; illustrated by Loretta Lopez
250 ## - EDITION STATEMENT
Edition statement First Scholastic printing , April 1998
260 ## - PUBLICATION, DISTRIBUTION, ETC.
Place of publication, distribution, etc. New York :
Name of publisher, distributor, etc. Scholastic ,
Date of publication, distribution, etc. 1996
300 ## - PHYSICAL DESCRIPTION
Extent 30 unnumbered pages :
Other physical details color illustrations ;
Dimensions 26 cm.
505 ## - FORMATTED CONTENTS NOTE
Formatted contents note H <br/>
520 ## - SUMMARY, ETC.
Summary, etc. Introduces Spanish by defining such common words as "hola" ("hello"), "perro" ("dog"), and "madre" ("mother").
521 ## - TARGET AUDIENCE NOTE
Target audience note 450 <br/>
Source Lexile <br/>
521 ## - TARGET AUDIENCE NOTE
Target audience note H <br/>
Source Raz-Plus <br/>
650 #0 - SUBJECT ADDED ENTRY--TOPICAL TERM
Topical term or geographic name entry element Spanish language
General subdivision Vocabulary
-- Juvenile literature.
650 #1 - SUBJECT ADDED ENTRY--TOPICAL TERM
Topical term or geographic name entry element Spanish language
General subdivision Vocabulary.
700 1# - ADDED ENTRY--PERSONAL NAME
Personal name Lopez, Loretta
Dates associated with a name 1963-
906 ## - LOCAL DATA ELEMENT F, LDF (RLIN)
a 7
b cbu
c orignew
d 1
e ocip
f 19
g y-gencatlg
942 ## - ADDED ENTRY ELEMENTS (KOHA)
Source of classification or shelving scheme Dewey Decimal Classification
Koha item type Books
Suppress in OPAC No
999 ## -
-- 3156
-- 3156
Holdings
Withdrawn status Lost status Source of classification or shelving scheme Damaged status Not for loan Collection Home library Current library Shelving location Date acquired Total Checkouts Full call number Barcode Date last seen Date last checked out Price effective from Koha item type
    Dewey Decimal Classification     Juvenile Fiction Footprints International School Library Network Toul Kork Campus Footprints International School Library Network Toul Kork Campus   02/14/2024 1 MIL 468.1 PC4445.E49 FISBK05608 03/05/2024 02/27/2024 02/14/2024 Books